书目信息 |
| 题名: |
汽车为什么会跑
|
|
| 作者: | 陈新亚 编著 | |
| 分册: | 车身图解 | |
| 出版信息: | 北京 机械工业出版社 2015 |
|
| 页数: | 130页 | |
| 开本: | 26cm | |
| 丛书名: | 陈总编爱车热线书系 | |
| 单 册: | ||
| 中图分类: | U46-64 , U463.82-64 , U463-64 | |
| 科图分类: | ||
| 主题词: | 汽车--图解--构造 , 汽车--图解--车体 , 汽车--图解--构造 , 汽车--图解--车体 | |
| 电子资源: | ||
| ISBN: | 978-7-111-48717-3 | |
| 000 | 00981nam0 2200313 450 | |
| 001 | 907 | |
| 001 | 01XX11365573@CSLN | |
| 005 | 20161114095358.54 | |
| 010 | @a978-7-111-48717-3@dCNY39.90 | |
| 100 | @a20150410d2015 em y0chiy50 ea | |
| 101 | 0 | @achi |
| 102 | @aCN@b110000 | |
| 105 | @aa z 000yy | |
| 200 | 1 | @a汽车为什么会跑@9qi che wei shen me hui pao@i车身图解@f陈新亚编著 |
| 210 | @a北京@c机械工业出版社@d2015 | |
| 215 | @a130页@d26cm | |
| 225 | 1 | @a陈总编爱车热线书系 |
| 330 | @a本书不仅介绍车身钣金构造,还包括车身外附件、车身内配置,更包括与驾驶有关的电子系统,如车身稳定控制系统、驾驶辅助系统等。 | |
| 410 | @12001 | |
| 606 | 0 | @a汽车@j图解@x构造 |
| 606 | 0 | @a汽车@j图解@x车体 |
| 606 | @a汽车@j图解@x构造 | |
| 606 | @a汽车@j图解@x车体 | |
| 690 | @aU46-64@v5 | |
| 690 | @aU463.82-64@v5 | |
| 690 | @aU463-64@v4 | |
| 701 | 0 | @a陈新亚@9chen xin ya@c(编辑)@4编著 |
| 801 | 0 | @aCN@b大连网信软件有限公司图书馆·11@c20161114 |
| 905 | @aZUCC@dU46-64@e344 | |
| 汽车为什么会跑.车身图解/陈新亚编著.-北京:机械工业出版社,2015 |
| 130页;26cm.-(陈总编爱车热线书系) |
| ISBN 978-7-111-48717-3:CNY39.90 |
| 本书不仅介绍车身钣金构造,还包括车身外附件、车身内配置,更包括与驾驶有关的电子系统,如车身稳定控制系统、驾驶辅助系统等。 |
| ● |
| 相关链接 |
|
|
|
|
正题名:汽车为什么会跑
索取号:U46-64/344
 
预约/预借
| 序号 | 登录号 | 条形码 | 馆藏地/架位号 | 状态 | 备注 |
| 1 | 907227 | 209072279 | 第二样本阅览室/ [索取号:U46-64/344] | 在馆 | |
| 2 | 907228 | 209072288 | 第三借阅区/ [索取号:U46-64/344] | 在馆 | |
| 3 | 907229 | 209072297 | 第三借阅区/ [索取号:U46-64/344] | 在馆 | |
| 4 | 907230 | 209072304 | 第三借阅区/ [索取号:U46-64/344] | 在馆 | |
| 5 | 907231 | 209072313 | 第三借阅区/ [索取号:U46-64/344] | 在馆 |